000 00507nam a2200181Ia 4500
005 20250326143638.0
008 250326s9999 xx 000 0 und d
037 _aTextbook
040 _aFMSL
_beng
_cFMSL
041 _aeng
_2eng
084 _aX:513 P3
_qFMSL
100 _aDesena James
_9748323
245 0 _a10 Immutable laws of power selling
_cDesena James
260 _aNew Delhi
_bNew Delhi, McGraw Hill
_c2003
300 _a217p
942 _cTB
_hX:513 P3
999 _c1300418
_d1300418